Finanční krize a úloha finančního managementu
Finančný manažment v dobe krízy. Opatrenia na zníženie a reštrukturalizáciu nákladov a ich dôslednú kontrolu. Posilnenie úlohy strategického kontrolingu. Finančná konsolidácia so zameraním na sníženie obežného majetku. Sledovanie cash flow a likvidity. Proaktívne vedenie zameranie na vyvedenie podni...
Guardado en:
| Autor principal: | |
|---|---|
| Otros Autores: | |
| Formato: | Capítulo de libro |
| Lenguaje: | checo |
| Materias: | |
| Etiquetas: |
Sin Etiquetas, Sea el primero en etiquetar este registro!
|
MARC
| LEADER | 00000nla$a2200000$$$4500 | ||
|---|---|---|---|
| 001 | 0114728 | ||
| 005 | 20240502072300.2 | ||
| 041 | 0 | |a cze | |
| 044 | |a SK | ||
| 245 | 1 | 0 | |a Finanční krize a úloha finančního managementu |c Karel Tkáč, Alžbeta Foltínová |
| 520 | |a Finančný manažment v dobe krízy. Opatrenia na zníženie a reštrukturalizáciu nákladov a ich dôslednú kontrolu. Posilnenie úlohy strategického kontrolingu. Finančná konsolidácia so zameraním na sníženie obežného majetku. Sledovanie cash flow a likvidity. Proaktívne vedenie zameranie na vyvedenie podniku z krízy. | ||
| 610 | 2 | 0 | |a podnik |
| 610 | 2 | 0 | |a manažment finančný |
| 610 | 2 | 0 | |a opatrenia podniku úsporné |
| 610 | 2 | 0 | |a opatrenia |
| 610 | 2 | 0 | |a kríza finančná |
| 100 | 1 | |a Tkáč, Karel | |
| 700 | 1 | |a Foltínová, Alžbeta | |